| 000 | 01228nam a2200313 4500 | ||
|---|---|---|---|
| 003 | EG-GICUC | ||
| 005 | 20260121101513.0 | ||
| 008 | 251216s1929 ua el||fr|||| 00| 0 eng d | ||
| 040 |
_a EG-GICUC _bara _c EG-GICUC _d EG-GICUC _erda |
||
| 041 | 0 | _aara | |
| 082 | 0 | 4 |
_221 _a343.9 _bا م . ا |
| 092 | 0 | 4 | _221 |
| 099 | _aLaw1 10 343.9 ا م . ا 1929 | ||
| 100 | 0 |
_aامين مرسي قنديل. _eمؤلف. |
|
| 245 | 1 | 0 |
_aاصول علم النفس وأثره في التربية والتعليم. _nالجزء الأول / _cتأليف امين مرسي قنديل. |
| 250 | _aالطبعة الرابعة - مزيدة ومنقحة | ||
| 264 | 3 |
_aالقاهرة : _bمطبعة الإعتماد، _c1929. |
|
| 300 |
_a368 صفحة ، _bإيضاحيات ؛ _c24 سم. |
||
| 336 |
_2rda content _atext |
||
| 337 |
_2rda media _aComputer |
||
| 338 |
_2rda carrier _aOnline Resource |
||
| 504 | _aيشتمل على إرجاعات ببليوجرافية. | ||
| 546 | _aالنص باللغة العربية | ||
| 650 | 1 |
_aموضوعات أخرى فى العلوم الجنائية _2qrmak |
|
| 651 | 1 | _2qrmak | |
| 856 | 4 | 0 | _uhttps://fll.law.cu.edu.eg/fulltext/bks/B10-07163.pdf |
| 905 | _a62 | ||
| 942 |
_2ddc _n0 _cBK _e21 |
||
| 999 |
_c50977 _d50977 |
||